Vật lý đại chúng T.3
Lý thuyết tương đối, lý thuyết lượng tử, lý thuyết nguyên tử, cấu tạo vật chất, vật lý hạt nhân và hạt cơ bản
שמור ב:
| מחבר ראשי: | |
|---|---|
| מחברים אחרים: | |
| פורמט: | ספר |
| שפה: | Vietnamese |
| יצא לאור: |
H.
Khoa học và kỹ thuật
1978
|
| נושאים: | |
| תגים: |
הוספת תג
אין תגיות, היה/י הראשונ/ה לתייג את הרשומה!
|
| Thư viện lưu trữ: | Mạng thư viện Đại học Đà Nẵng |
|---|
| LEADER | 01434nam a22004098a 4500 | ||
|---|---|---|---|
| 001 | 000008381 | ||
| 003 | 4569 | ||
| 005 | 20111017091035.0 | ||
| 008 | 111017s1978 b 000 0 vieod | ||
| 020 | |c 9500đ |d 25100b | ||
| 041 | 0 | |a vie | |
| 082 | |a 530 |b OR-D | ||
| 084 | |a C |b V124L | ||
| 100 | 1 | |a Orir, D. | |
| 245 | 1 | 0 | |a Vật lý đại chúng |c D. Orir ; Dịch: Đoàn Nhượng |n T.3 |
| 260 | |a H. |b Khoa học và kỹ thuật |c 1978 | ||
| 300 | |a 231tr: hình vẽ |c 21cm | ||
| 505 | |a T.3 | ||
| 520 | |a Lý thuyết tương đối, lý thuyết lượng tử, lý thuyết nguyên tử, cấu tạo vật chất, vật lý hạt nhân và hạt cơ bản | ||
| 653 | |a thuyết tương đối | ||
| 653 | |a cấu tạo vật chất | ||
| 653 | |a Vật lí | ||
| 653 | |a thuyết lượng tử | ||
| 653 | |a thuyết nguyên tử | ||
| 700 | 1 | |a Đoàn Nhượng |e Dịch | |
| 773 | |t Vật lý đại chúng |w 4571 | ||
| 910 | |a Nguyễn Thị Kim Oanh |d 17/10/2011 | ||
| OWN | |a LSP | ||
| AVA | |a UDN50 |b LSP |d 530 OR-D |e available |t Error 5001 Not defined in file expand_doc_bib_avail. |f 3 |g 2 |h N |i 0 |k 1 | ||
| 999 | |a From the UDN01 | ||
| AVA | |a UDN50 |b LSP |d 530 OR-D |e available |t Error 5001 Not defined in file expand_doc_bib_avail. |f 3 |g 2 |h N |i 0 |k 1 | ||
| TYP | |a Monograph | ||
| TYP | |a Printed language | ||
| 980 | |a Mạng thư viện Đại học Đà Nẵng | ||